[Event "GER-chT9 LI-21 Br02 email"]
[Site "GER email"]
[Date "2011.10.17"]
[Round "?"]
[White "Kowalski, Marek"]
[Black "Starke, Heiko"]
[Result "1/2-1/2"]
[WhiteElo "1933"]
[BlackElo "2205"]
[PlyCount "59"]
[EventDate "2011.10.23"]
[EventType "tourn (corr)"]
[EventRounds "10"]
[EventCountry "GER"]
[SourceTitle "Corr 2015"]
[Source "ChessBase"]
[SourceDate "2015.07.17"]
[SourceVersion "1"]
[SourceVersionDate "2015.07.17"]
[SourceQuality "1"]

1. e4 c5 2. Nf3 d6 3. d4 cxd4 4. Nxd4 Nf6 5. Nc3 a6 6. Be3 Ng4 7. Bc1 Nf6 8. Be3 Ng4 9. Bc1 Nc6 10. Be2 Qb6 11. Bxg4 Bxg4 12. Qxg4 Nxd4 13. Qd1 Qb4 14. a3 Qc4 15. Be3 Ne6 16. Qd5 Qc6 17. 0-0 g6 18. Qd2 Nc7 19. Nd5 Bg7 20. Rfe1 Nxd5 21. exd5 Qc4 22. Bg5 0-0 23. c3 Bf6 24. Bxf6 exf6 25. Re7 Rfe8 26. Rae1 Rxe7 27. Rxe7 Kg7 28. Rxb7 Re8 29. h3 Re5 30. Rb4 1/2-1/2

[Event "GER-chT9 LI-21 Br02 email"]
[Site "GER email"]
[Date "2011.10.17"]
[Round "?"]
[White "Starke, Heiko"]
[Black "Solf, Frank"]
[Result "0-1"]
[WhiteElo "2205"]
[BlackElo "2126"]
[PlyCount "64"]
[EventDate "2011.10.23"]
[EventType "tourn (corr)"]
[EventRounds "10"]
[EventCountry "GER"]
[SourceTitle "Corr 2015"]
[Source "ChessBase"]
[SourceDate "2015.07.17"]
[SourceVersion "1"]
[SourceVersionDate "2015.07.17"]
[SourceQuality "1"]

1. e4 e5 2. Nf3 Nf6 3. Nxe5 d6 4. Nxf7 Kxf7 5. d4 c5 6. dxc5 Nc6 7. Bc4+ Be6 8. Bxe6+ Kxe6 9. 0-0 Kf7 10. Nc3 dxc5 11. Qe2 Qe8 12. Bg5 Nd4 13. Qd3 Rd8 14. f4 Qc6 15. Qc4+ Ke8 16. Rad1 h6 17. Bxf6 gxf6 18. Rf2 h5 19. a4 a6 20. Rfd2 Bh6 21. Qf1 Kf7 22. b4 Rhe8 23. Qc4+ Kg7 24. bxc5 Bxf4 25. Rxd4 Be3+ 26. Kh1 Rxd4 27. Rxd4 Bxd4 28. Qxd4 Re5 29. Nd5 Qe6 30. Nc3 Qc8 31. Nd5 Qg4 32. Nc3 Qf4 0-1